| 000 | 00535nam a22002057a 4500 | ||
|---|---|---|---|
| 999 |
_c7111 _d7111 |
||
| 001 | 7111 | ||
| 003 | BD-JhCC | ||
| 005 | 20180519101534.0 | ||
| 008 | 180205b xxu||||| |||| 00| 0 eng d | ||
| 035 | _a(BD-JhCC)7111 | ||
| 040 |
_aBD-JhCC _dBD-JhCC |
||
| 041 | _aeng | ||
| 082 |
_a425 _bSPE 1984 |
||
| 245 |
_aSpelling Woeds and Skills / _cLinda Ward Beech...[ et.all.]. |
||
| 260 |
_aLondon : _bScott, Foresman and Company, _c1984. |
||
| 300 |
_a192 p. : _bills; _c25 cm. |
||
| 650 | _aSpelling | ||
| 942 |
_2ddc _cBK |
||